<?phpxml version="1.0" encoding="ISO-8859-1"?>
 <collection>
  

 
 <record>
 <datafield tag="088" ind1="" ind2="">
  <subfield code="a">RighSala07</subfield> 
  </datafield>
 <datafield tag="024" ind1="7" ind2="">
  <subfield code="a">10.1002/net.20212</subfield> 
  <subfield code="2">doi</subfield> 
  </datafield>
 <datafield tag="245" ind1="" ind2="">
  <subfield code="a">New dynamic programming algorithms for the resource constrained shortest path problem.</subfield> 
  </datafield>
 <datafield tag="260" ind1="" ind2="">
  <subfield code="c">2008</subfield> 
  </datafield>
 <datafield tag="520" ind1="" ind2="">
  <subfield code="a">The resource constrained elementary shortest path problem (RCESPP) arises as a pricing subproblem in branch-and-price algorithms for vehicle-routing problems with additional constraints. We address the optimization of the RCESPP and we present and compare three methods. The first method is a well-known exact dynamic-programming algorithm improved by new ideas, such as bidirectional search with resource-based bounding. The second method consists in a branch-and-bound algorithm, where lower bounds are computed by dynamic-programming with state-space relaxation; we show how bounded bidirectional search can be adapted to state-space relaxation and we present different branching strategies and their hybridization. The third method, called decremental state-space relaxation, is a new one; exact dynamic-programming and state-space relaxation are two special cases of this new method. The experimental comparison of the three methods is definitely favorable to decrement state-space relaxation. Computational results are given for different kinds of resources, arising from the capacitated vehicle-routing problem, the vehicle-routing problem with distribution and collection, and the vehicle-routing problem with capacities and time windows.</subfield> 
  </datafield>
 <datafield tag="700" ind1="" ind2="">
  <subfield code="a">Righini, G.</subfield> 
  </datafield>
 <datafield tag="700" ind1="" ind2="">
  <subfield code="a">Salani, Matteo</subfield> 
  </datafield>
 <datafield tag="773" ind1="" ind2="">
  <subfield code="c">155-170</subfield> 
  <subfield code="p">Networks</subfield> 
  <subfield code="x">0028-3045</subfield> 
  <subfield code="v">51</subfield> 
  <subfield code="n">3</subfield> 
  <subfield code="y">2008</subfield> 
  <subfield code="u">http://www3.interscience.wiley.com/cgi-bin/jhome/32046</subfield> 
  </datafield>
 <datafield tag="909" ind1="C" ind2="0">
  <subfield code="p">TRANSP-OR</subfield> 
  </datafield>
 <datafield tag="973" ind1="" ind2="">
  <subfield code="a">EPFL</subfield> 
<br />
<b>Fatal error</b>:  Uncaught Error: Call to undefined function ereg() in E:\Inetpub\transp-or.epfl.ch\web\oneMarcXML.php:230
Stack trace:
#0 {main}
  thrown in <b>E:\Inetpub\transp-or.epfl.ch\web\oneMarcXML.php</b> on line <b>230</b><br />
